Programmed learning aid for quantitative methods with applications in accounting and business

Bibliographic Details
Main Author: Harwood, Gordon B. (Author)
Format: Book
Language:English
Published: Homewood : Learning Systems Co. 1979
Subjects:

MARC

LEADER 00000cam a2200000 7i4500
001 0000001574
005 20240924.0
008 991126 ilu a eng
020 |a 0256020841 
040 |a INS   |b eng   |e rda 
090 0 0 |a HF5691   |b .H34 1979 
100 1 |a Harwood, Gordon B. ,   |e author 
245 1 0 |a Programmed learning aid for quantitative methods with applications in accounting and business   |c Gordon B. Harwood 
264 1 |a Homewood :   |b Learning Systems Co.   |c 1979 
300 |a xi, 160 pages :   |b illustrations ;   |c 25 cm. 
336 |a text  |2 rdacontent 
337 |a unmediated  |2 rdamedia 
338 |a volume  |2 rdacarrier 
500 |a Includes index 
650 0 0 |a Accounting   |x study and teaching 
999 |a 0000001495   |b BOOK   |c Open Shelf   |e Default branch